书目信息 |
| 题名: |
现代道路勘测设计
|
|
| 作者: | 尤晓暐 主编 ;王东 , 王冬根 副主编 | |
| 分册: | ||
| 出版信息: | 北京 清华大学出版社 2010.01 |
|
| 页数: | 445页 | |
| 开本: | 26cm | |
| 丛书名: | ||
| 单 册: | ||
| 中图分类: | U412 | |
| 科图分类: | ||
| 主题词: | 道路工程--勘测--高等学校--技术学校--教材 , 道路工程--设计--高等学校--技术学校--教材 | |
| 电子资源: | ||
| ISBN: | 978-7-81123-843-3 | |
| 000 | 01034nam0 2200301 450 | |
| 001 | 012010610351 | |
| 005 | 20100630090434.59 | |
| 009 | 012004419821 | |
| 010 | @a978-7-81123-843-3@dCNY39.00 | |
| 100 | @a20100515d2010 em y0chiy0110 ea | |
| 101 | 0 | @achi |
| 102 | @aCN@b110000 | |
| 105 | @aa a 000yy | |
| 200 | 1 | @a现代道路勘测设计@Axian dai dao lu kan ce she ji@f尤晓暐主编@g王东, 王冬根副主编@Gwang dong,wang dong gen fu zhu bian |
| 205 | @a第2版 | |
| 210 | @a北京@c清华大学出版社@c北京交通大学出版社@d2010.01 | |
| 215 | @a445页@c图@d26cm | |
| 300 | @a新世纪现代交通类专业系列教材 | |
| 320 | @a有书目 (第444-445页) | |
| 330 | @a本书主要介绍了公路与城市道路勘测设计的基本概念、基本原理和勘测设计方法等。 | |
| 606 | 0 | @a道路工程@x勘测@x高等学校@x技术学校@x教材 |
| 606 | 0 | @a道路工程@x设计@x高等学校@x技术学校@x教材 |
| 690 | @aU412@v4 | |
| 701 | 0 | @a尤晓暐@Ayou xiao wei@4主编 |
| 702 | 0 | @a王东@Awang dong@4副主编 |
| 702 | 0 | @a王冬根@Awang dong gen@4副主编 |
| 801 | 0 | @aCN@c20100515 |
| 905 | @dU412@eY669=2@f3 | |
| 现代道路勘测设计/尤晓暐主编/王东, 王冬根副主编.-第2版.-北京:清华大学出版社:北京交通大学出版社,2010.01 |
| 445页:图;26cm |
| 新世纪现代交通类专业系列教材 |
| ISBN 978-7-81123-843-3:CNY39.00 |
| 本书主要介绍了公路与城市道路勘测设计的基本概念、基本原理和勘测设计方法等。 |
| ● |
| 相关链接 |
|
|
|
正题名:现代道路勘测设计
索取号:U412/Y669=2
 
预约/预借
| 序号 | 登录号 | 条形码 | 馆藏地/架位号 | 状态 | 备注 |
| 1 | 989146 | 209891465 | 自科库501/501自科库 51排2列4层/ [索取号:U412/Y669=2] | 在馆 | |
| 2 | 989147 | 209891474 | 土木与交通工程学院资料室/土木与交通学院资料室 1排1列1层/ [索取号:U412/Y669=2] | 在馆 | |
| 3 | 989148 | 209891483 | 土木与交通工程学院资料室/土木与交通学院资料室 1排1列1层/ [索取号:U412/Y669=2] | 在馆 |